[Event "Titled Tuesday intern op 20th Jun Early"]
[Site "Chess.com INT"]
[Date "2023.06.20"]
[Round "10"]
[White "Akhmedinov, Satbek"]
[Black "Seo, Jung Min"]
[Result "0-1"]
[WhiteElo "1957"]
[BlackElo "2469"]
[PlyCount "58"]
[EventDate "2023.06.20"]
[EventType "swiss (blitz)"]
[EventRounds "11"]
[EventCountry "USA"]
[SourceTitle "EXT 2024"]
[Source "ChessBase"]
[SourceDate "2023.10.10"]
[SourceVersion "1"]
[SourceVersionDate "2023.10.10"]
[SourceQuality "1"]

1. e4 e5 2. Nf3 Nc6 3. Bc4 Nf6 4. Ng5 d5 5. exd5 Na5 6. Bb5+ c6 7. dxc6 bxc6 8. Be2 h6 9. Nh3 Bc5 10. c3 Nb7 11. 0-0 0-0 12. Kh1 Bxh3 13. gxh3 Qd7 14. Bg4 Nxg4 15. Qxg4 f5 16. Qg2 e4 17. b4 Bb6 18. d4 exd3 19. Bxh6 Rf6 20. Bg5 Re6 21. Nd2 Nd6 22. Rae1 Rae8 23. Nf3 Re2 24. Bf4 Ne4 25. Ne5 Qd5 26. Rd1 Rxe5 27. Bxe5 Qxe5 28. Rfe1 Nxf2+ 29. Qxf2 Bxf2 0-1